00641cam a22002173a 450000100060000000300060000600500170001200800410002904000150007004200070008505000060009224501130009826000290021150600300024051600200027065300130029065300140030370000350031783000290035285600420038118653PGUSA20140828083410.0060622s2006||||xxu|||||s|||||000 | eng d aPGUSAbeng adc 4aN14aThe Mind of the Artist :bThoughts and Sayings of Painters and Sculptors on Their Arth[electronic resource] bProject Gutenberg,c2006 aPublic domain in the USA. aElectronic text aPainting aSculpture1 aBinyon, Cicely Margaret Powell 0aProject Gutenbergv1865340uhttp://www.gutenberg.org/ebooks/18653